Movie Subtitle Madness II Quiz Stats

 Plays Quiz Updated Jul 16, 2015

Challenge
Share
Tweet
Embed
Score 0/30 Timer 05:00
2 Plays Today
% Correct
Red, White and Blonde
88.8%
The Rise of the Silver Surfer
87.6%
The Legend Continues
87.2%
A Tail of Two Kitties
85.9%
Tokyo Drift
85.6%
Fury Road
85.4%
Prince Caspian
84.8%
Money Never Sleeps
84.2%
Age of Ultron
83.6%
The Winter Soldier
81.8%
Back in the Habit
80.3%
Rise of an Empire
79.2%
In It to Win It
75.4%
Legacy
73.9%
The Dark World
72.5%
% Correct
Hell on Earth
71.9%
The Secret of the Ooze
67.8%
I Want to Believe
66.5%
The Revenge
63.6%
Your Sister is a Werewolf
63.3%
Number Two
63%
High Voltage
61.6%
Island of Lost Dreams
58.1%
The Next Chapter
57.4%
The Streets
57.3%
The Heretic
54.9%
The Second One
54.6%
Risk Addiction
47.5%
Dark Territory
46.4%
On the Move
43%

You're not logged in!

Compare scores with friends on all Sporcle quizzes.
OR
Log In

You Might Also Like...

Show Comments

Extras

Top Quizzes Today


Score Distribution

Your Account Isn't Verified!

In order to create a playlist on Sporcle, you need to verify the email address you used during registration. Go to your Sporcle Settings to finish the process.

Report this User

Report this user for behavior that violates our Community Guidelines.

Details: